000 02208cam a2200169 4500500
005 20260201123605.0
041 _afre
042 _adc
100 1 0 _aLaberge, Yves
_eauthor
245 0 0 _aPierre-Jean SIMON, Pour une sociologie des relations interethniques et des minorités. Rennes, Presses universitaires de Rennes, 2006, 347 p.
260 _c2015.
500 _a26
520 _aAu cours des années 2000, plusieurs enquêtes ont mis en évidence des résistances et des luttes menées par les cadres contre les pratiques organisationnelles et managériales des entreprises. Cet article interroge les portées et les limites de ces résultats à la lumière de deux enquêtes de terrain réalisées auprès de cadres d’entreprises en France. Il montre que cette catégorie spécifique de salariés n’est certes pas étrangère à l’expression de critiques, aux contournements des règles organisationnelles, voire à des formes de retrait à l’égard du travail. Ces représentations et ces pratiques peuvent cependant difficilement être rassemblées sous les catégories de résistance, de lutte ou de rébellion. Leur portée demeure effectivement relative et limitée au regard des facteurs de consentement qui, eux, subsistent et sont multiples.
520 _aDuring the 2000s, several surveys have highlighted resistances and struggles led by high skilled employees against organizational and managerial practices of companies. This paper questions the impact and limits of these results thanks to two surveys carried out about high skilled employees (executives and engineers) in France. It demonstrates that this specific category of employees is able to express some criticism, to bypass organizational rules and even to exit from their work. However these speeches and practices can hardly be called with terms as resistance, struggle or rebellion. Their impact actually remains relative and limited with regards to factors of consent that persist under many aspects.
786 0 _nL'Homme & la Société | 195-196 | 1 | 2015-05-16 | p. 231d-254d | 0018-4306
856 4 1 _uhttps://shs.cairn.info/revue-l-homme-et-la-societe-2015-1-page-231d?lang=fr&redirect-ssocas=7080
999 _c1642072
_d1642072